UBT Library

ANIMAL BIOLOGY (Record no. 60126)

000 -LEADER
fixed length control field 00306nam a22001457a 4500
008 - FIXED-LENGTH DATA ELEMENTS--GENERAL INFORMATION
fixed length control field 230707b ||||| |||| 00| 0 eng d
020 ## - INTERNATIONAL STANDARD BOOK NUMBER
International Standard Book Number 9780387915210
041 ## - LANGUAGE CODE
Language code of text/sound track or separate title eng
080 ## - UNIVERSAL DECIMAL CLASSIFICATION NUMBER
Universal Decimal Classification number 573
082 ## - DEWEY DECIMAL CLASSIFICATION NUMBER
Classification number 573JUR
100 ## - Rafti
Rafti 15
101 ## - Shkurtesa
Shkurtesa BIOL
245 ## - TITLE STATEMENT
Title ANIMAL BIOLOGY
Statement of responsibility, etc JURD.D.R
942 ## - ADDED ENTRY ELEMENTS (KOHA)
Source of classification or shelving scheme
Item type Books
Holdings
Withdrawn status Lost status Source of classification or shelving scheme Damaged status Not for loan Collection code Permanent location Current location Date acquired Total Checkouts Full call number Barcode Date last seen Price effective from Koha item type
          Koleksioni i përgjithshem UBT - Lipjan UBT - Lipjan 07/07/2023   573JUR 002-800080805 07/07/2023 07/07/2023 Books
UBT Library © 2015-2024. All rights reserved University Education for Business and Technology